Представление документа в формате MARC21

Поле Инд. ПП Название Значение
Тип записи a
Библиографический уровень m
001 Контрольный номер RU/LIBMSTU/310058796
005 Дата корректировки 20160127114401.6
084 a Индекс другой классификации/Индекс ББК 74.480.0
090 x Авторский знак Э 87
a Полочн. индекс 74.48
245 00 a Заглавие Эстетическое воспитание в техническом вузе
b Продолж. заглавия учеб.-метод. пособие
c Ответственность Л. М. Кадцын, Г. Г. Квасов, В. Т. Лисовский [и др.] ; под ред. Г. С. Гуна
260 00 a Место издания Москва
b Издательство Высш. шк.
c Дата издания 1991
300 00 a Объем 207 с.
b Иллюстрации/ тип воспроизводства ил.
650 00 a Основная рубрика Педагогика
650 _4 a Основная рубрика Эстетическое воспитание-Учебные издания для высших учебных заведений
653 00 a Ключевые слова Воспитание эстетическое
a Ключевые слова Высшая школа
a Ключевые слова Педагогика
952 c Вид литературы учебно-методическое издание